01095 a2200169 4500003000500000005001700005040000900022082001200031100002200043245011300065260002900178300001500207505054300222942002100765999001900786952012000805NUST20221205182812.0 cNust a153,HAN aW.K.Estes9104169 ahandbook of learning and cognitive Processes :bVolume-5 human information processing /cEdited by W.K.Estes alondonbJohn wileyc1978 ax,334 p .: aThe Information Processing Approach to Cognition A Confluence of Metaphors and Methods (Page-1), Elementary Information Processes (Page-19), Visual Processing and Short Term Memory (Page-91), Chronometric Analysis of Abstraction and Recognition (Page-143), Cognitive Processes that Resemble Perceptual Processes (Page-189), Natures of Problems Solving Abilities (Page-239), Information Processing theory of Human Problem Solving (Page-271), Applications of Learning Models and Optimization theory to Problems of Instructions (Page-297). 2ddccBKk153,HAN c193781d193781 00102ddc4070aMCSbMCScGENd2016-12-12o153,HANpMCS5198r2016-12-08w2016-12-12yBKzAlmirah No.46, Shelf No.4